| 000 | 00400nam a2200133Ia 4500 | ||
|---|---|---|---|
| 008 | 220216s9999 xx 000 0 und d | ||
| 100 | _aNishi Toshio | ||
| 245 | 0 | _aProperties and testing of elastomeric isolates for seismic protection of buildings | |
| 260 |
_bRubber International Magazine _c2012 |
||
| 300 | _a22-26 | ||
| 650 | _aElastomeric isolates | ||
| 650 | _aSeismic isolation | ||
| 942 | _cJS | ||
| 999 |
_c65970 _d65970 |
||